000 00405nam a2200133Ia 4500
008 220217s9999||||xx |||||||||||||| ||und||
020 _a19-0520-966-5
082 _a621.382 MAS
100 _aMaster, Ann, L. Ripka, Pavel and Tipek, Alors
_97550
245 0 _aModern sensors hand book
260 _aISTE publication
_bNoida
_c2007
300 _aXVIII, 518p.
_b1695
650 _aSIGNAL PROCESSING
_9719
999 _c181157
_d181157